| 000 | 01101nam a22002897a 4500 | ||
|---|---|---|---|
| 001 | 8276 | ||
| 003 | FISKH | ||
| 005 | 20250908102059.0 | ||
| 008 | 250908b cb ||||| |||| 00| 0 eng d | ||
| 040 |
_aFISKH _beng _cFISKH _dFISKH |
||
| 050 | _aE757 .K47 | ||
| 082 | _a973.9092 | ||
| 100 | _aKerley, Barbara | ||
| 245 |
_aWhat to do about Alice ? : _bHow Alice Roosevelt broke the rules, charmed the world, and drove her father Teddy crazy! / _cby Barbara Kerley : illustrated by Edwin Fortheringham |
||
| 250 | _aFirst Scholastic paperback printing, October 2008 | ||
| 260 |
_aNew York : _bScholastic , _c2008. |
||
| 300 |
_a48 unnumbered pages : _bcolor illustrations ; _c26 cm . |
||
| 505 | _aS | ||
| 520 | _aA brief biography in pictures and simple text of Alice Roosevelt, the daughter of Theodore Roosevelt and his first wife. | ||
| 521 | 8 |
_a800
_bLexile AD |
|
| 521 | 8 |
_aS
_bRaz-Plus |
|
| 650 |
_aAlice Roosevelt Longworth _vFiction |
||
| 650 |
_aAlice Roosevelt _vFiction |
||
| 700 |
_aFortheringham, Edwin _eIllustrator |
||
| 942 |
_2ddc _cBK _n0 |
||
| 999 |
_c8276 _d8276 |
||